Petra Vlhová šibalka na lyžiach

Bibliographic Details
Main Authors: Berzedi, Juraj, 1986- (Author), Ráczová, Anita (Author)
Other Authors: Kissová, Veronika (Illustrator)
Format: Book
Language:Slovak
PhysicalDescription:73 strán farebné ilustrácie, farebné ilustrované listy 21 cm
Published: Bratislava Petit Press, a.s. 2023
ISBN:9788055909141
Series:Ako sa z malých detí môžu stať veľkí športovci
Subjects:

MARC

LEADER 00000cam a2200000 4500
001 vtls012243704
003 SK-MaSNL
005 20260301171344.0
008 231109s2023 xo af b 000 jbslo
015 |a SNBA2023/11 
020 |a 9788055909141  |q (viazané) 
040 |a SNK  |b slo  |c SNK  |e rda 
041 0 |a slo 
044 |a xo  |c SK 
072 7 |a 796  |x Šport. Hry. Telesné cvičenia  |2 konspekt 
072 7 |a 821-93  |x Literatúra pre deti a mládež (beletria)  |2 konspekt 
072 7 |a 821.162.4-3  |x Slovenská próza  |2 konspekt 
080 |a 796.92.071.2-055.2  |2 2011 
080 |a 796.071.2-055.2  |2 2011 
080 |a 821.162.4-32  |2 2011 
080 |a (0:82-322.6)  |2 2011 
080 |a 82-93-053.4/.5  |2 2011 
100 1 |a Berzedi, Juraj,  |d 1986-  |4 aut  |9 218965 
245 1 0 |a Petra Vlhová  |b šibalka na lyžiach  |c Juraj Berzedi, Anita Ráczová ; ilustrácie Veronika Kissová 
246 3 0 |a Šibalka na lyžiach 
264 1 |a Bratislava  |b Petit Press, a.s.  |c 2023 
300 |a 73 strán  |b farebné ilustrácie, farebné ilustrované listy  |c 21 cm 
336 |a text  |b txt  |2 rdacontent 
336 |a statický obraz  |b sti  |2 rdacontent 
337 |a bez média  |b n  |2 rdamedia 
338 |a zväzok  |b nc  |2 rdacarrier 
490 1 |a Ako sa z malých detí môžu stať veľkí športovci 
500 |a Údaj o edícii z externého zdroja 
521 8 |a Pre deti od 6 rokov 
600 1 7 |a Vlhová, Petra,  |d 1995-  |2 SNKMA  |9 218964 
650 0 7 |a lyžiarky  |2 SNKPH  |9 218963 
650 0 7 |a športovkyne  |2 SNKPH  |9 78689 
650 0 7 |a Women skiers  |2 SNKPHeng  |9 538915 
650 0 7 |a Sportswomen  |2 SNKPHeng  |9 447655 
655 7 |a slovenské príbehy  |2 SNKPH  |9 70494 
655 7 |a biografické príbehy  |2 SNKPH  |9 70709 
655 7 |a literatúra pre deti a mládež  |2 SNKPH  |9 189378 
655 7 |a Slovak stories  |2 SNKPHeng  |9 277112 
655 7 |a Biographical stories  |2 SNKPHeng  |9 286436 
655 7 |a Children's and juvenile literature  |2 SNKPHeng  |9 212725 
700 1 |a Ráczová, Anita  |4 aut  |9 473222 
700 1 |a Kissová, Veronika  |4 ill  |9 473223 
830 0 |a Ako sa z malých detí môžu stať veľkí športovci  |9 473224 
852 |a Slovenská národná knižnica 
919 |a 978-80-559-0914-1 
954 |a beletria pôvodná (slovenská)  |2 lita 
958 |a LX 
958 |a BX 
958 |a DB 
999 |c 830583  |d 832513 
952 |a SNK  |b SNK  |y PREZ  |7 0  |p 17A1538923  |o snkSC 204142  |i snk2023/16236  |8 0  |0 0  |1 0  |4 0  |d 2023-11-09  |l 0  |r 2025-10-28 00:00:00  |w 2026-02-24 
952 |a SNK  |b SNK  |y VYP  |7 0  |p 17A1538924  |o snkSC 204142 D1  |i snk2023/16237  |8 0  |0 0  |1 0  |4 0  |d 2023-11-09  |l 0  |r 2026-02-24 03:36:30  |w 2026-02-24